[Event "Cto. Navarra por equipos - Division Hono"]
[Site "?"]
[Date "2017.10.28"]
[Round "3"]
[White "Solano Martinez, Imanol"]
[Black "Garisoain Ardanaz, Alvaro"]
[Result "1/2-1/2"]
[WhiteElo "1504"]
[BlackElo "1663"]

1.e4 d6 2.d4 Nf6 3.Nc3 Nbd7 4.Nf3 e5 5.Bc4 Be7 6.O-O O-O 7.h3 c6 8.Be3 b5 9.dxe5
dxe5 10.Bd3 Qc7 11.Nd2 Nc5 12.Nb3 Ne6 13.Ne2 Rd8 14.Qc1 Nh5 15.f4 Bd6 16.fxe5
Bxe5 17.Rf5 g6 18.Rf3 a6 19.Nc5 Qd6 20.Nxe6 Bxe6 21.Nf4 Nxf4 22.Bxf4 Qd4 23.Be3
Qxb2 24.Qxb2 Bxb2 25.Rb1 Be5 26.a3 Bd4 27.Kf2 c5 28.c3 Bxc3 29.Bxc5 Rac8 30.Bb4
Bxb4 31.axb4 Bc4 32.Bxc4 Rxc4 33.Rf6 Rdd4 34.e5 Rf4 35.Rxf4 Rxf4 36.Ke3 Rc4
37.Kd3 Kf8 38.Ra1 Rxb4 39.Rxa6 Ke7 40.Kc3 Re4 41.Rb6 Rxe5 42.Kd4 Rg5 43.g4 h5
44.gxh5 Rxh5 45.Rb7 Kf8 46.Rb6 Rf5 47.Ke4 Kg7 48.Rb8 Kh6 49.Rh8 Kg5 50.Ke3 Rc5
51.Kd3 Kf6 52.h4 Rh5 53.Rb8 Rxh4 54.Rxb5 g5 55.Ke3 Kg6 56.Rb6 Kh5 57.Rf6 Rh3
58.Kf2 g4 59.Rxf7 Ra3 60.Rg7 Kh4 61.Rh7 Kg5 62.Rg7 Kf5 63.Rg8 Ra5 64.Kg3 1/2-1/2

[Event "Cto. Navarra por equipos - Division Hono"]
[Site "?"]
[Date "2017.11.04"]
[Round "4"]
[White "Zamarbide Inarrea, Daniel"]
[Black "Martinez Ayesa, Aitor"]
[Result "1-0"]
[WhiteElo "2178"]
[BlackElo "2045"]

1.e4 d5 2.exd5 Qxd5 3.Nc3 Qa5 4.Bc4 Nf6 5.d3 c6 6.Bd2 Qc7 7.Qe2 g6 8.a4 Bg7
9.Nf3 O-O 10.h3 Na6 11.O-O Nc5 12.d4 Ne6 13.Rad1 Rd8 14.Qe3 Nd5 15.Nxd5 cxd5
16.Bb3 b6 17.c3 Ba6 18.Rfe1 b5 19.Ne5 Bxe5 20.Qxe5 Qd6 21.a5 Rd7 22.f4 Qxe5
23.Rxe5 Nc7 24.g4 Kg7 25.Rde1 e6 26.f5 Rg8 27.Kh2 Bc8 28.h4 Rdd8 29.Bf4 Ne8
30.fxe6 fxe6 31.h5 Rf8 32.Kg3 Nf6 33.Bc2 gxh5 34.gxh5 Rg8 35.Kh4 Rdf8 36.Rg1 Kf7
37.Bg5 Ke8 38.Rf1 Ke7 39.Bxh7 Rh8 40.Bg6 Bd7 41.Re3 1-0

[Event "Cto. Navarra por equipos - Division Hono"]
[Site "?"]
[Date "2017.11.04"]
[Round "4"]
[White "Lerendegui Lasa, Odei"]
[Black "Cortes Bueno, Jesus Javier"]
[Result "1-0"]
[WhiteElo "1975"]
[BlackElo "2191"]

1.e4 c5 2.c3 Nf6 3.e5 Nd5 4.d4 e6 5.Nf3 cxd4 6.cxd4 Nc6 7.Bc4 d6 8.O-O Be7 9.Qe2
dxe5 10.dxe5 Qc7 11.Bxd5 exd5 12.Nc3 Be6 13.Nb5 Qd7 14.Bg5 O-O 15.Bxe7 Qxe7
16.h3 Rad8 17.Nbd4 Rfe8 18.Rac1 Bd7 19.Rfe1 Rc8 20.Nxc6 bxc6 21.Qa6 Qd8 22.Qxa7
Ra8 23.Qc5 Rxa2 24.b4 Qa8 25.Nd4 Ra6 26.f4 Qc8 27.Ra1 h6 28.Qc3 Qb7 29.Rxa6 Qxa6
30.Ra1 Qb7 31.Qc5 Rb8 32.Ra4 g6 33.Kh2 Qb6 34.Ra8 Kg7 35.Rxb8 Qxb8 36.Qe7 Qc8
37.Qf6 Kg8 38.f5 Bxf5 39.Nxc6 Qe6 40.b5 Qxf6 41.exf6 Bd7 42.Ne7 1-0

[Event "Cto. Navarra por equipos - Division Hono"]
[Site "?"]
[Date "2017.11.04"]
[Round "4"]
[White "Vila Dupla, Aurelio"]
[Black "Vilchez Gonzalez, Angel"]
[Result "1-0"]
[WhiteElo "2139"]
[BlackElo "1917"]

1.Nf3 Nf6 2.c4 g6 3.g3 Bg7 4.Bg2 O-O 5.O-O c6 6.d4 d6 7.Nc3 Nbd7 8.h3 e5 9.e4
Re8 10.Be3 Nb6 11.b3 exd4 12.Nxd4 d5 13.exd5 cxd5 14.c5 Nbd7 15.c6 bxc6 16.Nxc6
Qc7 17.Rc1 Nb6 18.Nb4 Qe7 19.Bxb6 Qxb4 20.Nxd5 Nxd5 21.Bc5 Qa5 22.Bxd5 Bxh3
23.Bxa8 Bxf1 24.Bd5 Be2 25.Bxf7 Kxf7 26.Qd7 Kf6 27.Bd4 Re5 28.f4 1-0

[Event "Cto. Navarra por equipos - Division Hono"]
[Site "?"]
[Date "2017.11.04"]
[Round "4"]
[White "Pedchenko, Alex"]
[Black "Ugalde Ezcurra, Jose Miguel"]
[Result "1/2-1/2"]
[WhiteElo "1774"]
[BlackElo "2119"]

1.d4 e6 2.Nf3 c5 3.g3 d5 4.Bg2 Nc6 5.O-O Nf6 6.b3 Be7 7.e3 O-O 8.Bb2 b6 9.Nbd2
Ba6 10.Re1 Rc8 11.Rc1 b5 12.c3 Bb7 13.Ne5 Nxe5 14.dxe5 Nd7 15.f4 c4 16.b4 a5
17.a3 f6 18.Nf3 fxe5 19.fxe5 Rxf3 20.Bxf3 Nxe5 21.Rf1 Bf6 22.Qe2 Nd3 23.Rcd1 e5
24.Bg4 Rc6 25.Rxd3 cxd3 26.Qxd3 Rd6 27.Rd1 Qb6 28.Be2 Bc6 29.Bc1 a4 30.Bf3 Rd8
31.Qf5 Bb7 32.Bg4 Bc8 33.Qf3 e4 34.Qe2 Bxg4 35.Qxg4 Bxc3 36.Qf5 Qc6 37.Rf1 Qd7
38.Qf2 Bf6 39.Bb2 Bxb2 40.Qxb2 Qa7 41.Qd4 Qxd4 42.exd4 Rc8 43.Rf5 Rc3 44.Rxd5
Rxa3 45.Rxb5 e3 46.Kg2 Rb3 47.Kf3 a3 48.Ra5 Rxb4 49.Rxa3 Rxd4 1/2-1/2

[Event "Cto. Navarra por equipos - Division Hono"]
[Site "?"]
[Date "2017.11.04"]
[Round "4"]
[White "Munoz Arana, Miguel"]
[Black "Lacruz Ochoa, Oier"]
[Result "1-0"]
[WhiteElo "2074"]
[BlackElo "1687"]

1.e4 c5 2.Nf3 Nc6 3.d4 cxd4 4.Nxd4 g6 5.Be3 Bg7 6.Nc3 Nf6 7.Bc4 O-O 8.Bb3 d6
9.f3 Bd7 10.Qd2 Nxd4 11.Bxd4 Bc6 12.g4 Nd7 13.Bxg7 Kxg7 14.O-O-O a5 15.h4 h6
16.f4 Qb6 17.Bd5 a4 18.h5 Ra5 19.g5 Qb4 20.hxg6 fxg6 21.a3 Qb6 22.Rxh6 Qd8
23.Rh7 1-0

[Event "Cto. Navarra por equipos - Division Hono"]
[Site "?"]
[Date "2017.11.04"]
[Round "4"]
[White "Pedchenko, Serhiy"]
[Black "Unanua Garcia, Pedro"]
[Result "0-1"]
[WhiteElo "1466"]
[BlackElo "2105"]

1.e4 e6 2.Nc3 d5 3.exd5 exd5 4.d4 Nc6 5.Bb5 Bb4 6.Nge2 Nge7 7.a3 Bd6 8.Bg5 f6
9.Bf4 Bf5 10.Bxd6 Qxd6 11.Ng3 Bg6 12.O-O O-O 13.Re1 Rad8 14.Qd2 a6 15.Ba4 Rfe8
16.b4 Bf7 17.Re2 Ng6 18.Rae1 Kf8 19.Rxe8 Bxe8 20.Bb3 Nce7 21.Qe3 Bd7 22.Ba4 c6
23.Nce2 Re8 24.f3 Nh4 25.Qf4 Nef5 26.Qxd6 Nxd6 27.Kf2 g5 28.Bb3 h6 29.h3 f5
30.c3 f4 31.Nf1 Bf5 32.g3 fxg3 33.Nexg3 Rxe1 34.Kxe1 Bxh3 35.Kf2 Nb5 36.c4 Nxd4
37.cxd5 0-1

[Event "Cto. Navarra por equipos - Division Hono"]
[Site "?"]
[Date "2017.11.04"]
[Round "4"]
[White "Vinal Gutierrez, Pedro"]
[Black "Irujo Compains, Oier"]
[Result "1-0"]
[WhiteElo "2041"]
[BlackElo "1254"]

1.d4 c6 2.c4 d5 3.cxd5 cxd5 4.Nc3 e6 5.Bf4 Nf6 6.e3 a6 7.Bd3 Nc6 8.Rc1 Bd7 9.Nf3
Nb4 10.Bb1 Nc6 11.Ne5 Nxe5 12.dxe5 Ng8 13.O-O Ne7 14.Bg3 Ng6 15.e4 dxe4 16.Bxe4
Rb8 17.Qe2 Qa5 18.Rfd1 Nxe5 19.Bxe5 Qxe5 20.Rxd7 Qg5 21.Rcd1 Be7 22.Bxb7 O-O
23.Ne4 Qb5 24.Qxb5 axb5 25.Rxe7 Rfd8 26.Rdd7 Rf8 27.g4 h6 28.Nc5 Rbd8 29.Rxf7
Rxd7 30.Rxf8 1-0

[Event "Cto. Navarra por equipos - Division Hono"]
[Site "?"]
[Date "2017.11.04"]
[Round "4"]
[White "Ortega Lopez, Mikel"]
[Black "Huerga Leache, Mikel"]
[Result "0-1"]
[WhiteElo "2232"]
[BlackElo "2449"]

1.e4 e5 2.Nf3 Nc6 3.Bb5 Nd4 4.Nxd4 exd4 5.Bc4 Nf6 6.O-O c6 7.Re1 d6 8.c3 Ng4
9.h3 Ne5 10.Bf1 d3 11.Re3 g5 12.Bxd3 g4 13.Be2 gxh3 14.d4 hxg2 15.Rg3 Ng6
16.Kxg2 Qh4 17.Bg5 Qxe4 18.Bf3 Nh4 19.Bxh4 Qxh4 20.d5 c5 21.Nd2 Bh6 22.Qc2 f5
23.Rh1 Qf6 24.Re1 Kd8 25.Nc4 f4 26.Qa4 Kc7 27.Rg4 Bd7 28.Qa5 b6 29.Qa6 Bxg4
30.Bxg4 Rhg8 31.f3 Qh4 32.Re6 Rxg4 33.fxg4 f3 34.Kxf3 Rf8 35.Ke2 Qxg4 36.Kd3 Qf5
37.Re4 Qxd5 38.Kc2 Qxe4 39.Kb3 Qb7 0-1

[Event "Cto. Navarra por equipos - Division Hono"]
[Site "?"]
[Date "2017.11.04"]
[Round "4"]
[White "Bru Rullo, Llazer"]
[Black "Rada Equiza, Miguel"]
[Result "1-0"]
[WhiteElo "2239"]
[BlackElo "2270"]

1.d4 f5 2.Nf3 Nf6 3.g3 g6 4.Bg2 Bg7 5.O-O O-O 6.b3 d6 7.Bb2 c6 8.c4 Qe8 9.e3 h6
10.Nbd2 g5 11.Re1 Nbd7 12.e4 fxe4 13.Nxe4 Nxe4 14.Rxe4 Nf6 15.Re1 Qh5 16.Rxe7
Bh3 17.Qd3 Bxg2 18.Kxg2 d5 19.Ne5 Rae8 20.Ba3 Ng4 21.Nxg4 Qxg4 22.Rxg7 Kxg7
23.Bxf8 Kxf8 24.cxd5 cxd5 25.Rc1 Re4 26.f3 Rxd4 27.Qe3 1-0

[Event "Cto. Navarra por equipos - Division Hono"]
[Site "?"]
[Date "2017.11.04"]
[Round "4"]
[White "Navarrete Delgado, Sergio"]
[Black "Ventura Bolet, Maxim"]
[Result "0-1"]
[WhiteElo "2217"]
[BlackElo "2229"]

1.e4 c5 2.Nf3 a6 3.b3 d6 4.Bb2 Nf6 5.e5 dxe5 6.Nxe5 e6 7.Bd3 Nbd7 8.f4 Qc7 9.Qf3
Be7 10.O-O O-O 11.Qh3 g6 12.Qh6 Rd8 13.Nxf7 Kxf7 14.f5 gxf5 15.Bc4 Rg8 16.Rxf5
Qc6 17.Rf2 Ke8 18.a4 Rg6 19.Qh3 b6 20.Na3 Bb7 21.Re1 Nf8 22.Bd3 Rg7 23.Nc4 Rxg2
24.Rxg2 Qxg2 25.Qxg2 Bxg2 26.Kxg2 Nd5 27.Be5 Nd7 28.Bg3 Kf7 29.Bxh7 b5 30.Ne5
Nxe5 31.Bxe5 Ke8 32.Be4 Kd7 33.c4 bxc4 34.bxc4 Rg8 35.Bg3 Nb4 36.Kh1 Rg4 37.Kg2
Rg7 38.Kf3 Bf6 39.h4 Rf7 40.Bg6 Rf8 41.Kg4 Nc6 42.Rb1 Ne5 43.Bxe5 Bxe5 44.d3 Ke7
45.Rb7 Kf6 46.h5 Bd4 47.Kf4 Bc3 48.Rb6 a5 49.Rb7 Bd2 50.Ke4 Bc3 51.Rb5 Bd4
52.Rxa5 Kg5 53.Rxc5 Bxc5 54.Ke5 Ra8 55.Kxe6 Rxa4 56.Kd5 Bf8 57.Kc6 Kf6 58.Kb5
Rb4 59.Kc6 Ke6 60.Be4 Rb2 61.Bd5 Ke5 62.Be4 Bh6 63.Bg6 Be3 64.Be4 Rb6 65.Kc7 Rd6
66.Bg6 Rf6 67.Be4 Ra6 68.Bg6 Kd4 69.Kd7 Ke5 70.Kc7 Ra1 71.Be4 Ra3 72.Bg6 Ra5
73.Be4 Ke6 74.Bg6 Rc5 75.Kb7 Kd7 76.Ka6 Kc7 77.Be8 Bd2 78.Bb5 Rxh5 79.d4 Rh6
80.Ka7 Rh1 0-1

[Event "Cto. Navarra por equipos - Division Hono"]
[Site "?"]
[Date "2017.11.04"]
[Round "4"]
[White "Ramos Dominguez, Joaquin"]
[Black "Soriano Ascaso, Ignacio"]
[Result "0-1"]
[WhiteElo "2080"]
[BlackElo "2162"]

1.e4 c6 2.d4 d5 3.e5 Bf5 4.Nc3 Qb6 5.Na4 Qa5 6.c3 e6 7.b4 Qc7 8.Be3 Nd7 9.Nf3
Ne7 10.Bd3 Bxd3 11.Qxd3 Nf5 12.O-O Nxe3 13.fxe3 Be7 14.a3 O-O 15.Nb2 a5 16.Nd2
f6 17.exf6 Bxf6 18.e4 axb4 19.axb4 Rxa1 20.Rxa1 e5 21.Nf3 exd4 22.cxd4 Qb6
23.exd5 Ne5 24.Nxe5 Bxe5 25.Rd1 Rf4 26.dxc6 Rxd4 27.Qb3 Kf8 28.Kh1 Rxd1 29.Nxd1
bxc6 30.Qf3 Ke7 31.Qe4 Qd4 32.Qe2 Qf4 33.g3 Qd4 34.Nf2 Kd6 35.Ne4 Kc7 36.Nd2 Bd6
37.Nf3 Qxb4 38.Qd3 Qb5 39.Qxh7 Qf1 40.Ng1 Be5 41.Qe4 Kd6 42.Qb4 Kd5 43.Qd2 Bd4
44.Qa2 Kd6 45.Qa3 Bc5 0-1

[Event "Cto. Navarra por equipos - Division Hono"]
[Site "?"]
[Date "2017.11.04"]
[Round "4"]
[White "Jimenez Martin, Gustavo"]
[Black "Idiazabal Troyas, Aritz"]
[Result "1/2-1/2"]
[WhiteElo "2143"]
[BlackElo "2015"]

1.d4 Nf6 2.Nc3 d5 3.Bg5 Nbd7 4.Qd3 e6 5.e4 dxe4 6.Nxe4 Be7 7.Nxf6 Nxf6 8.Nf3 Nd5
9.Bxe7 Qxe7 10.Qd2 Bd7 11.c4 Nf6 12.Bd3 Bc6 13.O-O-O Bxf3 14.gxf3 O-O-O 15.Qa5
Kb8 16.Be2 Qd6 17.Qg5 h6 18.Qg3 1/2-1/2

[Event "Cto. Navarra por equipos - Division Hono"]
[Site "?"]
[Date "2017.11.04"]
[Round "4"]
[White "Garralda Ruiz, Ander"]
[Black "Mombiela Martinez, Gonzalo"]
[Result "1-0"]
[WhiteElo "1954"]
[BlackElo "2141"]

1.e4 d5 2.exd5 Qxd5 3.Nc3 Qa5 4.Bc4 Nf6 5.d3 Bg4 6.f3 Bf5 7.g4 Bg6 8.Bd2 c6
9.Qe2 Qc7 10.f4 h6 11.f5 Bh7 12.O-O-O Nbd7 13.Nh3 g5 14.Rde1 Nb6 15.Bb3 Bg8
16.Nf2 O-O-O 17.Nce4 Nbd5 18.Nxf6 Nxf6 19.Bc3 h5 20.Be5 Qd7 21.Ne4 Nxe4 22.Bxh8
Nc5 23.Bc3 Nxb3 24.axb3 hxg4 25.Qxg4 f6 26.Rhf1 b6 27.Re4 Bd5 28.Re3 Qd6 29.Qg3
Qd7 30.Kb1 Kb7 31.Qh3 c5 32.Rfe1 Kc6 33.Qh7 e5 34.Qg6 Qd6 35.h4 gxh4 36.Qg4 Bh6
37.R3e2 Bf4 38.Qxh4 Rg8 39.Bd2 Bg3 40.Qa4 Kb7 41.Rg1 Bc6 42.Qc4 Bd5 43.Qa4 Bc6
44.Qc4 Bd5 45.Qc3 Bh4 46.Rxg8 Bxg8 47.Be1 Bg5 48.Bd2 Bxd2 49.Qxd2 Bh7 50.Qe3 Qc6
51.Qe4 Bg8 52.Qxc6 Kxc6 53.Rg2 Bh7 54.Rf2 Kd5 55.Kc1 a6 56.Kd2 b5 57.Ke3 Kd6
58.Ke4 Bg8 59.c4 a5 60.Rg2 Bf7 61.Rg7 Bh5 62.Ra7 bxc4 63.bxc4 Be8 64.Rxa5 Bc6
65.Ke3 Bg2 66.Ra6 Ke7 67.Ra7 Ke8 68.Rc7 Bh3 69.Ke4 Bg2 70.Ke3 Bh3 71.Rxc5 Bxf5
72.Rd5 Ke7 73.b4 Be6 74.Ra5 Kd7 75.Ra7 Kd6 76.Ra6 Kd7 77.Rxe6 1-0

[Event "Cto. Navarra por equipos - Division Hono"]
[Site "?"]
[Date "2017.11.04"]
[Round "4"]
[White "Monje Peinado, Roberto"]
[Black "Huarte Zozaya, Aitor"]
[Result "1/2-1/2"]
[WhiteElo "2051"]
[BlackElo "1867"]

1.d4 Nf6 2.c4 c5 3.d5 b5 4.Nd2 e6 5.e4 bxc4 6.Bxc4 Qa5 7.Qc2 Bb7 8.Ne2 exd5
9.exd5 Be7 10.Nc3 Na6 11.O-O O-O 12.Nde4 Nxe4 13.Nxe4 d6 14.Bd2 Qb6 15.Bc3 Nc7
16.Qd3 Rfd8 17.Qg3 Ne8 18.Rfe1 Bf8 19.Qf3 Ba6 20.Ng5 f6 21.Bxa6 Qxa6 22.Ne6 Rd7
23.Qg4 Rf7 24.Re3 Qb7 25.Rd1 Nc7 26.Nxc7 Qxc7 27.Qe6 Kh8 28.Ba5 Qb7 29.Rb3 Qd7
30.Re1 Re7 31.Qxd7 Rxd7 32.Re4 Kg8 33.Bd2 Kf7 34.Ra3 Be7 35.Kf1 Bd8 36.Bf4 Rb8
37.b3 Be7 38.Ra6 Rb6 39.Rea4 Rxa6 40.Rxa6 Bf8 41.Ke2 Ke7 42.Kd3 g6 43.Kc4 Kd8
44.Be3 Rb7 45.a3 Be7 46.b4 cxb4 47.axb4 Rc7 48.Kb3 Kc8 49.Rxa7 Kb8 50.Rxc7 Kxc7
51.Kc4 f5 52.Kb5 Kb7 53.g3 Bf6 54.Bf4 Be7 55.h4 Bf8 56.f3 Be7 57.Bg5 Bf8 58.Bf6
h6 59.Ka5 Ka7 60.b5 h5 61.b6 Kb7 62.Kb5 Bh6 63.f4 Bf8 64.Ka5 Bh6 65.Be7 Bg7
66.Bxd6 Bd4 67.Bc7 Bf2 68.Kb5 Bxg3 69.Bd8 Bxf4 70.Kc4 Be5 71.Kd3 Bd6 72.Kd4 Kc8
73.Bf6 f4 74.Ke4 Kb7 75.Bd4 Be7 76.Bf2 g5 77.hxg5 Bxg5 78.Kf3 Bd8 79.Kxf4 Bxb6
80.Bxb6 Kxb6 81.Kg5 Kc5 82.Kxh5 Kxd5 1/2-1/2

[Event "Cto. Navarra por equipos - Division Hono"]
[Site "?"]
[Date "2017.11.04"]
[Round "4"]
[White "Malon Insausti, Andres"]
[Black "Cinza Lopez, Javier"]
[Result "0-1"]
[WhiteElo "1795"]
[BlackElo "2010"]

1.d4 d6 2.e4 Nf6 3.Nc3 g6 4.Nf3 Bg7 5.h3 O-O 6.Bc4 Nxe4 7.Bxf7 Rxf7 8.Nxe4 d5
9.Ng3 c5 10.c3 Nc6 11.Be3 cxd4 12.Nxd4 Nxd4 13.Bxd4 e5 14.Be3 Be6 15.O-O d4
16.cxd4 exd4 17.Bd2 Qh4 18.Qe2 Bd5 19.a3 d3 20.Qe3 Bd4 21.Qxd3 Bc4 22.Qe4 Qxe4
23.Nxe4 Bxf1 24.Rxf1 Bxb2 25.a4 Rd8 26.Bg5 Rd4 27.Nf6 Kg7 28.Rb1 Bc3 29.Ng4 Rxa4
30.Bh6 Kg8 31.Rb3 Rc7 32.g3 a5 33.Bf4 Rxf4 34.gxf4 a4 35.Ra3 b5 36.Ne3 Bb2
37.Rd3 a3 38.Rd8 Kf7 39.Ra8 b4 40.Nd5 Rb7 41.Ne3 Bd4 42.Nc2 Bc5 43.Ra5 Bb6
44.Ra4 Bc5 45.Ra5 Bd6 46.Ra6 b3 0-1

[Event "Cto. Navarra por equipos - Division Hono"]
[Site "?"]
[Date "2017.11.04"]
[Round "4"]
[White "Burguete Archel, Eduardo"]
[Black "Del Rio Mayayo, Pablo Juan"]
[Result "0-1"]
[WhiteElo "2207"]
[BlackElo "2048"]

1.d4 f5 2.Nf3 Nf6 3.g3 g6 4.Bg2 Bg7 5.O-O O-O 6.b3 d6 7.Bb2 e5 8.c4 Nbd7 9.Nc3
Ne4 10.Nxe4 fxe4 11.Nd2 d5 12.f3 e3 13.Nb1 dxc4 14.bxc4 Nb6 15.c5 Nc4 16.Bc3 b6
17.Qa4 Na5 18.f4 Ba6 19.Bf3 g5 20.Na3 Rb8 21.Rad1 gxf4 22.g4 Qh4 23.Kh1 Rf6
24.Rg1 Bxe2 25.Bxe2 f3 26.Be1 f2 27.Bxf2 Rxf2 28.Rg2 Rxg2 29.Kxg2 Qf2 0-1

[Event "Cto. Navarra por equipos - Division Hono"]
[Site "?"]
[Date "2017.11.04"]
[Round "4"]
[White "Lisarri Tomas, Antonio"]
[Black "Leranoz Zabalza, Adrian"]
[Result "0-1"]
[WhiteElo "1959"]
[BlackElo "2067"]

1.c4 e5 2.g3 Nc6 3.Bg2 Bc5 4.Nc3 d6 5.a3 a6 6.e3 Ba7 7.Nge2 h5 8.d4 h4 9.Bxc6
bxc6 10.dxe5 hxg3 11.Nxg3 Be6 12.Qe2 dxe5 13.b4 c5 14.b5 Rh4 15.Nce4 Bb6 16.O-O
axb5 17.cxb5 Ra4 18.Rd1 Qa8 19.Ng5 Bc4 20.Qf3 f6 21.Qxa8 Rxa8 22.Nf3 Rh8 23.Rb1
Ne7 24.e4 Nc8 25.Kg2 Nd6 26.Be3 Rxa3 27.Nd2 Bxb5 28.Nf5 Nxf5 29.exf5 Bc6 30.Kg3
Ra4 31.Nf1 Rah4 32.f3 0-1

[Event "Cto. Navarra por equipos - Division Hono"]
[Site "?"]
[Date "2017.11.04"]
[Round "4"]
[White "Larrea Reta, Javier"]
[Black "Hernandez Barricarte, Miguel A"]
[Result "1-0"]
[WhiteElo "1853"]
[BlackElo "1902"]

1.e4 e6 2.d4 d5 3.Nc3 Nf6 4.Bg5 Be7 5.e5 Nfd7 6.Bxe7 Qxe7 7.Qg4 O-O 8.f4 f6
9.Nf3 a6 10.Bd3 f5 11.Qh3 Nb6 12.g4 Nc6 13.a3 Bd7 14.Rg1 Kh8 15.gxf5 exf5 16.Kf2
Be6 17.Rg5 Rad8 18.Rag1 Nc4 19.Rxg7 Qxg7 20.Rxg7 Kxg7 21.Ng5 Bg8 22.b3 Nd2
23.Bxf5 h6 24.Ne6 Bxe6 25.Qg4 Kh8 26.Bxe6 Nxd4 27.Ke3 N4f3 28.Qg6 d4 29.Kf2 1-0

[Event "Cto. Navarra por equipos - Division Hono"]
[Site "?"]
[Date "2017.11.04"]
[Round "4"]
[White "Sola Plaza, Gregorio"]
[Black "Gonzalez Etayo, Oihana"]
[Result "1/2-1/2"]
[WhiteElo "1846"]
[BlackElo "1805"]

1.e4 c5 2.Nf3 Nc6 3.Bb5 a6 4.Bxc6 bxc6 5.d3 d6 6.O-O e5 7.Na3 Nf6 8.Nc4 Be6
9.Re1 Be7 10.b3 Nd7 11.Be3 f6 12.Nb2 d5 13.c4 d4 14.Bc1 O-O 15.Na4 Nb6 16.Nxb6
Qxb6 17.Nh4 Qc7 18.g4 a5 19.Nf5 Bxf5 20.exf5 Rfe8 21.Re4 a4 22.bxa4 Qa5 23.f4
Qc3 24.Rb1 Reb8 25.Rb3 Rxb3 26.axb3 Bd6 27.g5 Ra7 28.fxe5 Bxe5 29.Ba3 Rb7
30.gxf6 gxf6 31.Rg4 Kh8 32.Bxc5 Rxb3 33.Rg2 Rb2 34.Rxb2 Qxb2 35.Qh5 Qc1 36.Kf2
Qe3 37.Kg2 Qd2 38.Kg1 Qe1 39.Kg2 Qd2 40.Kg1 Qe1 41.Kg2 1/2-1/2

[Event "Cto. Navarra por equipos - Division Hono"]
[Site "?"]
[Date "2017.11.04"]
[Round "4"]
[White "Gastesi Urroz, Mikel"]
[Black "Rodriguez Montes, Sostenes"]
[Result "0-1"]
[WhiteElo "1701"]
[BlackElo "1813"]

1.d4 d6 2.Nf3 Nf6 3.e3 g6 4.Bd3 Bg7 5.O-O O-O 6.Nbd2 Nc6 7.c3 e5 8.Qc2 Re8 9.e4
exd4 10.cxd4 Nb4 11.Qb3 Nxd3 12.Qxd3 Nxe4 13.Nxe4 Bf5 14.Qb3 Bxe4 15.Ng5 d5
16.Nxe4 dxe4 17.Qxb7 Bxd4 18.Bf4 Rb8 19.Qxc7 Qxc7 20.Bxc7 Rxb2 21.Rad1 Bb6
22.Bxb6 axb6 23.Rb1 Rxa2 24.Rxb6 Rc8 25.Rf6 Kg7 26.Rf4 f5 27.g4 Kf6 28.gxf5 gxf5
29.Rh4 Rc7 30.Rh6 Kg5 31.Rb6 f4 32.Rb4 Kf5 33.Rb5 Kg4 34.Rb4 Kf3 35.Rb3 Ke2
36.Rfb1 Rg7 37.Kh1 Kxf2 38.Rb4 Re7 39.Rg1 f3 40.Rbb1 Rd7 41.Rbe1 Re2 42.Rb1 Rdd2
43.Rb3 Re1 44.Rb1 Rxb1 45.Rxb1 Ke2 0-1

[Event "Cto. Navarra por equipos - Division Hono"]
[Site "?"]
[Date "2017.11.04"]
[Round "4"]
[White "Igea Perez, Alfonso"]
[Black "Cloete, Herman Hubert"]
[Result "1-0"]
[WhiteElo "1787"]
[BlackElo "1656"]

1.e4 c6 2.d4 d5 3.Nc3 dxe4 4.Nxe4 Bf5 5.Ng3 Bg6 6.Nf3 h6 7.Bc4 e6 8.Ne5 Bh7
9.O-O Bd6 10.f4 Nf6 11.f5 Bxe5 12.dxe5 Qxd1 13.Rxd1 Nd5 14.Bxd5 cxd5 15.Nh5 O-O
16.f6 g6 17.Nf4 g5 18.Nd3 Nd7 19.h4 Bxd3 20.Rxd3 Nxe5 21.Rg3 Ng6 22.hxg5 hxg5
23.Bxg5 Rfc8 24.c3 Rc4 25.Kf2 Rac8 26.Rh1 a6 27.Rgh3 Rg4 28.Bh6 Rcc4 29.g3 b5
30.Bg7 Nh4 31.Rxh4 Rxh4 32.Rxh4 Rxh4 33.gxh4 Kh7 34.h5 e5 35.Kf3 a5 36.Bf8 a4
37.Ke3 Kg8 38.Bd6 e4 39.Kd4 Kh7 40.Bf4 1-0

[Event "Cto. Navarra por equipos - Division Hono"]
[Site "?"]
[Date "2017.11.04"]
[Round "4"]
[White "Elia Aldave, Inigo"]
[Black "Jeddi, Abdelkader"]
[Result "1-0"]
[WhiteElo "1643"]
[BlackElo "1704"]

1.e4 c5 2.Nf3 d6 3.d4 cxd4 4.Nxd4 Nf6 5.Nc3 g6 6.Be2 Bg7 7.Nb3 Nc6 8.Bg5 Be6
9.O-O Bxb3 10.axb3 O-O 11.Kh1 Ne8 12.f4 Nd4 13.Bd3 Ne6 14.Bh4 Bf6 15.Bxf6 Nxf6
16.f5 Nc7 17.Qf3 Nd7 18.Qg3 Ne5 19.fxg6 hxg6 20.Bc4 Kg7 21.Ra5 f6 22.Ne2 b6
23.Raa1 Qd7 24.Rf4 Rh8 25.Nd4 e6 26.Raf1 Raf8 27.Nf3 Nxf3 28.Qxf3 Qe7 29.Ra1 a5
30.Rf1 Rh6 31.Qf2 b5 32.Bd3 e5 33.Rf3 Ne6 34.Ra1 Qc7 35.Bxb5 Nd4 36.Rc3 Qb6
37.Bd7 Rxh2 38.Kxh2 Rh8 39.Bh3 g5 40.Rf1 Qd8 41.Rc8 Rxh3 42.gxh3 Qxc8 43.Qxf6
Kh7 44.Qf7 Kh8 45.Qh5 Kg8 46.Qxg5 Kh7 47.Rf7 1-0

[Event "Cto. Navarra por equipos - Division Hono"]
[Site "?"]
[Date "2017.11.04"]
[Round "4"]
[White "Reinaldo Castineira, Roi"]
[Black "Ortin Blanco, Inigo"]
[Result "1-0"]
[WhiteElo "2496"]
[BlackElo "2261"]

1.c4 e5 2.g3 Nf6 3.Bg2 d5 4.cxd5 Nxd5 5.Nf3 Nc6 6.O-O Nb6 7.b3 Bd6 8.Bb2 O-O
9.d4 exd4 10.Na3 Be7 11.Nb5 Bf6 12.Rc1 a6 13.Nbxd4 Nxd4 14.Nxd4 c6 15.e4 g6
16.f4 Bg7 17.Qd2 a5 18.Qf2 Nd7 19.e5 Nb6 20.Rfd1 Nd5 21.Nxc6 bxc6 22.Rxc6 Be6
23.Bxd5 Bxd5 24.Rd6 Qxd6 25.exd6 Bxb2 26.Qxb2 Be6 27.Qg2 Bd7 28.g4 Rab8 29.h3
Rb4 30.Qf2 a4 31.Qa7 Rd8 32.Qc7 Rbb8 33.b4 Rbc8 34.Rd2 Be6 35.Qa5 Ra8 36.Qe5 Re8
37.Qd4 Bd7 38.f5 a3 39.f6 h6 40.Kf2 Rec8 41.Re2 Be6 42.d7 Rf8 43.Qd6 Bc4 44.Qf4
1-0

[Event "Cto. Navarra por equipos - Division Hono"]
[Site "?"]
[Date "2017.11.04"]
[Round "4"]
[White "Roldan Marques, Daniel"]
[Black "Sanchez Carayol, Jesus Carlos"]
[Result "1-0"]
[WhiteElo "2189"]
[BlackElo "2082"]

1.d4 d5 2.c4 e6 3.Nc3 Nf6 4.cxd5 exd5 5.Bg5 c6 6.e3 h6 7.Bh4 Bf5 8.Qf3 Qd7
9.Bxf6 gxf6 10.h3 h5 11.Nge2 Be7 12.Nf4 h4 13.Nh5 Kf8 14.Be2 Na6 15.O-O Nc7
16.Rad1 Bg6 17.Nxf6 Qe6 18.Ng4 Be4 19.Nxe4 dxe4 20.Qf4 Bd6 21.Qf6 Rh5 22.Qxe6
fxe6 23.Nf6 Rh6 24.Nxe4 Be7 25.Bc4 1-0

[Event "Cto. Navarra por equipos - Division Hono"]
[Site "?"]
[Date "2017.11.04"]
[Round "4"]
[White "Zamarbide Inarrea, Borja"]
[Black "Sesma Rubio, Patxi"]
[Result "1-0"]
[WhiteElo "2048"]
[BlackElo "2150"]

1.e4 c6 2.Nc3 d5 3.Nf3 Bg4 4.h3 Bh5 5.exd5 cxd5 6.Bb5 Nc6 7.g4 Bg6 8.Ne5 Rc8
9.h4 Qd6 10.d4 h5 11.Bf4 Qe6 12.Na4 a6 13.Nc5 Qf6 14.Bxc6 bxc6 15.Bg5 Qd6 16.Qe2
hxg4 17.Qxg4 Ra8 18.Nxg6 fxg6 19.Bf4 Nh6 20.Qh3 Qxf4 21.Qd7 Kf7 22.Qe6 Ke8
23.Qxc6 Kf7 24.Qxd5 Ke8 25.Qxa8 Kf7 26.Qd5 Ke8 27.Qd7 Kf7 28.Qe6 Ke8 29.Qxg6 1-0

[Event "Cto. Navarra por equipos - Division Hono"]
[Site "?"]
[Date "2017.11.04"]
[Round "4"]
[White "Ortin Blanco, Ainhoa"]
[Black "Lopez Orois, Jose Manuel"]
[Result "1-0"]
[WhiteElo "2043"]
[BlackElo "2036"]

1.d4 d6 2.c4 e5 3.Nc3 exd4 4.Qxd4 Nc6 5.Qd1 Nf6 6.e4 Be7 7.Nge2 O-O 8.Nf4 Re8
9.Be2 Bf8 10.f3 Ne5 11.b4 d5 12.cxd5 Bxb4 13.Qb3 Bc5 14.Na4 Bd4 15.Bb2 Bxb2
16.Nxb2 Nxe4 17.fxe4 Ng4 18.Qf3 Qf6 19.Nfd3 Qd4 20.Rc1 b5 21.Rxc7 f5 22.exf5 Re3
23.Qf4 Re4 24.Qg5 Bxf5 25.Qxf5 Rf8 26.Qd7 Rfe8 27.Rc2 Ne3 28.Rd2 Nxg2 29.Kd1 Ne3
30.Kc1 Qc3 31.Kb1 Qxd2 32.Bh5 g6 33.Bf3 R4e7 34.Qxb5 Nc2 35.Qb3 Ne1 36.d6 Rf7
37.Bd5 Nxd3 38.Bxf7 Kf8 39.Bxe8 1-0

[Event "Cto. Navarra por equipos - Division Hono"]
[Site "?"]
[Date "2017.11.04"]
[Round "4"]
[White "Argaya Urdaniz, Miguel"]
[Black "Laguardia Ortega, Moises"]
[Result "1/2-1/2"]
[WhiteElo "1923"]
[BlackElo "2030"]

1.e4 e5 2.Nf3 Nf6 3.Nxe5 d6 4.Nf3 Nxe4 5.d4 d5 6.Bd3 Nc6 7.O-O Be7 8.Re1 Bg4
9.h3 Bxf3 10.Qxf3 Nxd4 11.Qg4 h5 12.Qxg7 Bf6 13.Qg3 Qe7 14.Qe3 Nf5 15.Qf4 Nfd6
16.Nc3 Be5 17.Nxd5 Bxf4 18.Nxe7 Bxc1 19.Nd5 Bxb2 20.Rab1 O-O-O 21.Rxb2 Nc5
22.Ne7 Kd7 23.Bf5 1/2-1/2